00669 2200181 4500001002100000005001800021008004100039035002400080090001800104100009300122245007300215260009100288300003600379650001900415700002300434850001500457999001500472YOGYA-1010000000169920101005093239215 ind  0010-101000000001699 aDEP 675 Per P aPERTEMUAN TEKNIS ALIH TEKNOLOGI BIDANG FINISHING KULIT ( Yogyakarta : 10 Desember 1991 ) aProceedings : pertemuan teknis alih teknologi bidang finishing kulit aYogyakartabProyek Penelitian dan Pengembangan Industri Kulit, Karet dan Plastikc1991 aix, 192 lembar : ilus. ; 29 cm. aIndustri kulit aSubiyarso, Kuntoro aYOPDYOG[B] a96D0025610